1158 1439 1385 1883 1642 1632 1168 1083 1183 1513 1928 1233 2000 1780 1348 1242 1066 1359 1601 1610 1361 1320 1667 1078 1779 1146 1956 1342 1963 1510 1247 1816 1434 1766 1416 1278 1617 1308 1000 1133 1977 1485 1659 1887 1949 1932 1150 1510 1923 1619 1651 1116 1495 1551 1811 1275 1964 1720 1588 1244 1003 1733 1924 1738 1519 1185 1254 1437 1727 1244 1672 1324 1280 1258 1650 1405 1678 1808 1381 1449 1902 1070 1937 1905 1495 1200 1669 1803 1569 1818 1563 1874 1361 1844 1226 1643 1927 1283 1220 BCNSPRNW ULIB Ver.6.0+V

เปลี่ยนเป็นภาษาไทย

Change to English
 แสดงรายละเอียดบรรณานุกรม
  กลับหน้าหลัก

Brief Record : Get Marc (ISO 2709) : E-mail record : QR code < ปิดหน้าต่าง
LEADER : 00000nam 2200000uu 4500
001    13399112794
003     ULIB
008    110908s2551||||th 000 0 tha d
020    9789740555735
050 04 LB1523^bส867ร 2551
100 0  สุรีย์ อรรถกร
245 10 รายงานการทดลองใช้ชุดการเรียนรู้ เรื่อง สิ่งเสพติดด้วยสื่อหลากหลาย /^cสุรีย์ อรรถกร ; ถวัลย์ มาศจรัส, บรรณาธิการ
250    พิมพ์ครั้งที่ 1
260    กรุงเทพฯ :^bธารอักษร,^c2551
300    vi, 198 หน้า :^bภาพประกอบ ;^c26 ซม
650  7 การสอนด้วยสื่อ
650  7 สุขศึกษา^xการศึกษาและการสอน (มัธยมศึกษา)
650  7 ยาเสพติด^xการศึกษาและการสอน (มัธยมศึกษา)
700 0  ถวัลย์ มาศจรัส
945    ^p250^l0^i024103
945    ^p250^l0^i024104
995    ทศพร
999 ^a ทศพร
รายการนี้ยังไม่มีแท็ก
คุณยังไม่ได้ล็อกอิน คุณสามารถมีกิจกรรมร่วมกับเว็บไซต์ได้ แต่ต้องล็อกอินก่อน ::
  ล็อกอิน

รายการสื่อสารสนเทศ

ลำดับที่ ประเภท เลขเรียก/บาร์โค้ด สถานที่ สถานะ
- ไม่พบข้อมูล -

รายการใกล้เคียง
    ผู้แต่ง [สุรีย์ อรรถกร]

    หัวเรื่อง [การสอนด้วยสื่อ]

BibComment


ยังไม่เคยถูกคอมเมนท์

คอมเมนท์ทรัพยากรรายการนี้
  คอมเมนท์: รายงานการทดลองใช้..


 Copyright 2026. Bcnsprnw @Library